000 00233nam a2200097Ia 4500
005 20251222114415.0
008 251222s1900||||xx |||||||||||||| ||spa||
082 _aDVD0124/L65/2002
245 0 _aU2: The Best Of 1990 - 2000:
942 _cDVD
999 _c2194
_d2194